00387cam a22001217a 4500008004000000082001600040100002200056245004900078260002800127300001000155500007100165650002900236180718b1967 xxu||||| |||| 00| 0 eng d aN13x73 M132 aMacCloskey, Monro aUnited States air forcecby Monro MacCloskey aNew YorkbPraegerc1967 a244p. aPraeger Library of U.S. Government Departments and Agencies, $5.95 aAviation, Military - USA